000 01116cam a22003257a 4500
003 CHAP
005 20220329142313.0
008 000525d2000 mx r 00110 spa d
010 _a81319
011 _a82291
035 _a92780
040 _cCHAP
090 _aTesis
100 0 0 _aAguilar Avila, Jorge.
_92652
245 1 3 _aLa agricultura de contrato en la producción de trigo en Tlaxcala
_c/por Jorge Aguilar Avila
260 _aChapingo, Méx. :
_bEl autor,
_c2000.
300 _a234 h. :
_bgráfs.
502 _aTesis (M.C. en Desarrollo Rural Regional) -- UACH. Dirección de Centros Regionales Universitarios
590 _aALEPH
_b10
_c20130110
_lUCH01
_h1435
590 _aBATCH-UPD
_b10
_c20130110
_lUCH01
_h1039
590 _aCONVERSION
_b10
_c20130109
_lUCH01
_h1345
650 1 4 _aAgricultura contractual.
_91944
650 1 4 _aTrigo
_xRendimiento.
_9115092
650 1 4 _aTrigo
_xTlaxcala.
_9115110
901 _aBK
905 _aBlanca M. García O.
942 _cFOLL
949 _aTesis
_bBC
_cTES
_d33724000781746
_eTS2
_fc.2
_h36410
_i92780
_si
949 _aTesis
_bBC
_cTES
_d927801
_eTS1
_h36409
_i92780
_sb
999 _c81319
_d81319